00957nam a2200229Ia 450000500170000000800410001702000180005804000080007605000210008410000270010524500590013225000120019126000320020330000250023533700100026033800150027050000490028550000560033450502650039065000380065565000340069320231102151427.0121028t20042012mx a f 000 0 spa d a970-613-724-6 eRDA aKGF2569 G66 200410aGÓMEZ Lara, Cipriano10aTeoría general del procesoc / Cipriano Gómez Lara a10a ed. aMéxicob : Oxfordc, 2004 axxii, 363 páginas. atexto asin medio  aIncluye índices Bibliografía: p. 351-354 aEducación mixta Licenciatura en Derecho 14 004607 aIntroducción 1. Concepto de litigio 2. Pretensión 3. Relación y diferencia entre proceso y litigio 4. Autotuela. Formas que subsisten 5. Autocomposición. Formas autocompositivas 6. Heterocomposición 7. Unidad o diversidad del derecho procesal10aPROCEDIMIENTOS CIVILESz MÉXICO20aDERECHO PROCESAL -z MÉXICO